Shepherd Remembers (Record no. 5579)

MARC details
000 -LEADER
fixed length control field 00609nam a2200241 a 4500
020 ## - INTERNATIONAL STANDARD BOOK NUMBER
ISBN
082 00 - DEWEY DECIMAL CLASSIFICATION NUMBER
Classification number 223.2
Author Cutter WEA
100 ## - MAIN ENTRY--AUTHOR NAME
Author name Weatherhead, Leslie D
245 ## - TITLE STATEMENT
Title Shepherd Remembers
Sub title a Devotional Study of 23rd Psalm.
260 ## - PUBLICATION, DISTRIBUTION, ETC. (IMPRINT)
Place of publication London
Name of publisher Hodder & Stoughton
Year of publication 1937
300 ## - PHYSICAL DESCRIPTION
Number of Pages 224p
500 ## - GENERAL NOTE
General note includes index and biblioraphy
505 2# - FORMATTED CONTENTS NOTE
Formatted contents note Questionary
650 ## - SUBJECT ADDED ENTRY--TOPICAL TERM
Topical Term Psalms
942 ## - ADDED ENTRY ELEMENTS (KOHA)
Koha item type Books
700 1# -
-- Weatherhead, Leslie D
Holdings
Home library Current library Date acquired Cost, normal purchase price Full call number Accession Number Koha item type
Henry Martyn Institute Library Henry Martyn Institute Library 06/19/2007 100.00 223.2 WEA 7225 Archive Book
                   Copyright © 2026 | Henry Martyn Institute | Hyderabad | TS-500052 | INDIA | Implemented by hmi.edu.in
Hit-Count:

Powered by Koha